000 01246nam a22003257a 4500
001 1941
003 CO-MdFUSB
005 20180622072725.0
008 170601t1974 xxu||||| |||| 00| 0 eng d
020 _a0-8010-5056-1
040 _aCO-MdFUSB
_bspa
_cCO-MdFUSB
_dCO-MdFUSBC
_erda
041 0 _aeng
082 0 4 _aG 220.95 W576w
100 1 _aJosefo, Flavio (Flavius Josephus) (37-95)
_eautor
245 4 _aThe works of Flavius Josephus
_c / Flavius Joshepus ; William Whiston, Traductor
260 _a
264 4 _aGrand Rapids, MI., USA :
_bZondervan,
_c©1974
336 _2rdacontent
_a1
_ba1
337 _2rdamedia
_a2
_b5
338 _2rdacarrier
_a2
_b5
505 0 0 _aVol I : The wars of the Jews. 530 Pag. Vol. II, : The life of Flavius Josephus. Antiquitis of the Jews. 557 Pag. Vol. III : Antiquitis of the Jews. 525Pag. Vol. IV : Antiquitis of the Jews. Concerning Hades. Appendix. 538 Pag
650 7 _aJudíos
_9270
_xHistoria
650 7 _aHistoriadores
_985
_zJudios
650 7 _aJudíos
_9270
_xHistoria
653 _aJosefo, Flavio
653 _aBiblia A.T. - Historia sagrada - Primeras obras hasta 1800
653 _aJudíos - Historia - Hasta 70 D.C.
653 _aJudíos - Historia - Rebelión 66-73
942 _cBK
999 _c33051
_d33051